¿Está resuelto el problema de la deuda? /
Gorde:
| Egile nagusia: | |
|---|---|
| Formatua: | Texto |
| Gaiak: | |
| Etiketak: |
Etiketa erantsi
Etiketarik gabe, Izan zaitez lehena erregistro honi etiketa jartzen!
|
MARC
| LEADER | 00000 a a2200000 04500 | ||
|---|---|---|---|
| 001 | 45881 | ||
| 003 | |||
| 040 | |||
| 100 | |a Osorio Paz, Saúl | ||
| 245 | |a ¿Está resuelto el problema de la deuda? / |c Saúl Osorio Paz | ||
| 650 | |a ECONOMIA | ||
| 650 | |a AMERICA LATINA | ||
| 773 | |g número66 (1993), páginas 28-30 | ||
| 999 | |c 31890 |d 31890 | ||
